الدولة فى الفكر الإسلامى المعاصر (Record no. 13861)
[ view plain ]
| 000 -الفاتح | |
|---|---|
| حقل البيانات ثابتة الطول | 00941nam a22002177a 4500 |
| 008 - عناصر البيانات ثابتة الطول - معلومات عامة | |
| حقل البيانات ثابتة الطول | 100408s2004le||||gr|||| 001 0 ara d |
| 020 ## - الرقم الدولى المعيارى للكتب | |
| الرقم الدولى المعيارى للكتاب | 9953450404 |
| 082 ## - رقم تصنيف ديوى العشرى | |
| رقم الطبعة | 22 |
| رقم التصنيف | 297.242 |
| رقم المادة | ب ل ق |
| 100 ## - المدخل الرئيسى - إسم شخصى | |
| 9 (RLIN) | 13388 |
| الإسم الشخصى | بلقزيز،عبد الإله |
| 245 ## - بيان العنوان | |
| العنوان | الدولة فى الفكر الإسلامى المعاصر |
| بيان المسئوليه,etc | عبد الإله بلقزيز |
| 250 ## - بيان الطبعة | |
| بيان الطبعة | ط2 |
| 260 ## - PUBLICATION, DISTRIBUTION, ETC. (IMPRINT) | |
| مكان الناشر او الموزع | :بيروت |
| اسم الناشر او الموزع | مركز دراسات الوحدة العربية ،2004. |
| تاريخ النشر أو التوزيع | 2004. |
| 300 ## - الوصف المادى | |
| التعداد | 307؛ص |
| أبعاد الوعاء | 24سم. |
| 504 ## - تبصرة ببليوجرافية | |
| تبصرة ببليوجرافية,الخ | يحتوى على ببليوجرافيه ص 278-300 و كشاف |
| 650 ## - المدخل الاضافى بالموضوع-مصطلح موضوعى | |
| 9 (RLIN) | 13389 |
| مصطلح موضوعي أو اسم جغرافي كعنصر مدخل | الديمقراطية |
| 650 ## - المدخل الاضافى بالموضوع-مصطلح موضوعى | |
| 9 (RLIN) | 13370 |
| مصطلح موضوعي أو اسم جغرافي كعنصر مدخل | الإسلام والسياسة |
| 650 ## - المدخل الاضافى بالموضوع-مصطلح موضوعى | |
| 9 (RLIN) | 13359 |
| مصطلح موضوعي أو اسم جغرافي كعنصر مدخل | الشورى |
| 650 ## - المدخل الاضافى بالموضوع-مصطلح موضوعى | |
| 9 (RLIN) | 13391 |
| مصطلح موضوعي أو اسم جغرافي كعنصر مدخل | الخلافة |
| 942 ## - عناصر المدخل الإضافي( كوها) | |
| مصدر التصنيف او مخطط الترفيف | Dewey Decimal Classification |
| Koha [default] item type | Book - Borrowing |
| حالة التراجع | حالة الفقد | مصدر التصنيف او خطة الترفيف | حالة تلف | ليس للاعارة | مجموعات كوها | المكان الدائم | المكان الحالي | موقع الترفيف | تاريخ الاكتساب | رقم الاستدعاء | الباركود | Date last seen | مُعار | نوع الوعاء |
|---|---|---|---|---|---|---|---|---|---|---|---|---|---|---|
| Dewey Decimal Classification | مركز دراسات الوحدة العربية | Central Library | Central Library | Lower Floor | 08/04/2010 | 297.242 بلق | 000020462 | 15/07/2025 | 12/11/2014 | Book - Borrowing |